000 04422cam a22005774i 4500
003 PE-LiUPU
005 20250731172901.0
008 170110s2016 xxua rb 001 0 eng d
020 _a1628371366
020 _a9781628371369
035 _a(Sirsi) a165918
040 _aPE-LiUPU
_bspa
_cPE-LiUPU
_erda
049 _aPRUA
082 0 4 _a200.938
_bR3
_223
245 0 0 _aReligious competition in the Greco-Roman world /
_cedited by Nathaniel P. DesRosiers and Lily C. Vuong.
264 1 _aAtlanta :
_bSBL Press,
_c[2016]
300 _axviii, 326 páginas :
_bilustraciones ;
_c23 centimetros.
336 _atext
_2rdacontent
337 _aunmediated
_2rdamedia
338 _avolume
_2rdacarrier
490 0 _aWritings from the Greco-Roman world supplement series ;
_vnumber 10
504 _aBibliografía : páginas 259-291.
504 _aÍndices: páginas 309-326.
505 0 _agIntroduction:
_tConflict, cooperation, and competition in antiquity /
_rNathaniel P. DesRosiers,
_rLily C. Vuong --
_gPart 1:
_tCompetition and material culture.
_gIntroduction:
_tCompetition and material culture through real and imagined spaces /
_rGregg E. Gardner --
_tThe perils of idolatrous garb : Tertullian and Christian belonging in Roman Carthage /
_rCarly Daniel-Hughes --
_tThe philosopher type in late Roman art : problematizing cultural appropriation in light of cultural competition /
_rArthur P. Urbano Jr. --
_tSuns, snakes, and altars : competitive imagery in Constantinian numismatics /
_rNathaniel P. DesRosiers --
_t"Built from the plunder of Christians" : words, places, and competing powers in Milan and Callinicum /
_rCatherine M. Chin --
_gPart 2:
_tCompetition and Neoplatonsim.
_gIntroduction:
_tDefining competition in Neoplatonism /
_rTodd Krulak --
_tOrigen's allegoresis of Plato's and Scripture's "myths" /
_rIlaria L. E. Ramelli --
_tThe Neoplatonic transmission of ancient wisdom /
_rGregory Shaw --
_tJulian's philosophy and his religious program /
_rLaura B. Dingeldein --
_gPart 3:
_tReligious experts and popular religion.
_gIntroduction:
_tCompetition between experts and nonexperts /
_rDaniel Ullucci --
_tWhy expert versus nonexpert is not elite versus popular religion : the case of the third century /
_rStanley K. Stowers --
_tGreat is the mystery of piety : contested claims to piety in Plutarch, Philo, and 1 Timothy /
_rT. Christopher Hoklotubbe --
_tNuptial imagery, Christian devotion, and the marriage debate in late Roman society /
_rKarl Shuve --
_tCompeting for the competitors : Jewish and Christian responses to spectacle /
_rLoren R. Spielman --
_gPart 4:
_tCompetition and relics.
_gIntroduction:
_tThe competition for relics in late antiquity /
_rSusan Ashbrook Harvey --
_tRelics? What relics? /
_rMary Joan Winn Leith,
_rAllyson Everingham Sheckler --
_tA hair's breadth : the prophet Muhammad's hair as relic in early Islamic texts /
_rAdam Bursi --
_tPromoting a cult site without bodily relics : sacred substances and imagined topography in The Syriac Life of Symeon the Stylite /
_rDina Boero --
_tFrom Asclepius to Simeon : votives and sacred healing in late antiquity /
_rGary Vikan.
526 _aSEG42
526 _aSEG41
526 _aSEG40
526 _aSEG39
526 _aP94
526 _aP87
526 _aP86
526 _aP85
526 _aP77
526 _aP76
526 _aP35
650 0 4 _aCristianismo y otras religiones.
_91630
650 0 4 _aCristianismo y otras religiones
_zRoma
_xHistoria.
650 0 4 _aHistoria de la iglesia
_yPeríodo primitivo, ca. 30-600.
651 _aRoma
_xReligión.
651 _aGrecia
_xReligión.
700 1 _aDesRosiers, Nathaniel,
_eeditor.
910 _ajck
_bjvq
_cjck
_d20170110.
910 _adbm
_bncf
_cncf
_d20180108
942 _2ddc
_cBOOK
949 _a200.938 R3
_wDEWEY
_c1
_i75511
_lCATALOGING
_mBUL
_p34.00
_r0
_sY
_tBOOK
_u2017-01-10
_xTEOLOGIA
_zPOSGRADO TEOLOGÍA
_0COMPRA
_o.CIRCNOTE. El documento es de alto precio.
_o.STAFF. Colección Teología
596 _a1
999 _a200.938 R3
_wLC
_c14654
_i75511
_f2021-11-9
_g5
_lCCODEBUL1
_mBUL
_p23.00
_r0
_sY
_tBOOK
_u2017-1-10
_xTEOLOGIA
_PP85
_0COMPRA
_o.STAFF. Colección Teología
_d14654
999 _a200.938 R3
_wLC
_c2
_i77965
_f2021-11-9
_g4
_lCCODEBUL1
_mBUL
_p33.00
_r0
_sY
_tBOOK
_u2018-1-8
_xTEOLOGIA
_PP85
_0COMPRA
_o.STAFF. Colección Teología
980 _81
_gALBERTO SANCHEZ Responsable de Automatización